Foreign Banks in the Balkan Region (Record no. 6435)

MARC details
000 -LEADER
fixed length control field 00418nam a22001937i 4500
001 - CONTROL NUMBER
control field 7572
003 - CONTROL NUMBER IDENTIFIER
control field OSt
005 - DATE AND TIME OF LATEST TRANSACTION
control field 20181105121247.0
007 - PHYSICAL DESCRIPTION FIXED FIELD--GENERAL INFORMATION
fixed length control field tu
008 - FIXED-LENGTH DATA ELEMENTS--GENERAL INFORMATION
fixed length control field 161220s2001 xxu||||| |||| 00| 0 d
024 7# - OTHER STANDARD IDENTIFIER
Standard number or code 7572
Source of number or code RID
024 7# - OTHER STANDARD IDENTIFIER
Standard number or code 7572
Source of number or code RSN (alt)
040 ## - CATALOGING SOURCE
Transcribing agency OSt
110 2# - MAIN ENTRY--CORPORATE NAME
Corporate name or jurisdiction name as entry element Bank of Albania
245 00 - TITLE STATEMENT
Title Foreign Banks in the Balkan Region
260 ## - PUBLICATION, DISTRIBUTION, ETC.
Date of publication, distribution, etc. 2001
490 ## - SERIES STATEMENT
Series statement Working Papers
Volume/sequential designation 2
942 ## - ADDED ENTRY ELEMENTS (KOHA)
Koha item type Statistics
Holdings
Withdrawn status Lost status Damaged status Not for loan Home library Current library Shelving location Date acquired Inventory number Total Checkouts Barcode Date last seen Price effective from Koha item type
        WIIW WIIW Library 07/18/2007 7572   10003542 01/26/2017 01/26/2017 Statistics
The Vienna Instiute for International Economic Studies (wiiw)